[Event "Lido Adriano op 1st"]
[Site "Ravenna"]
[Date "2011.04.04"]
[Round "3"]
[White "Casadei, Mauro"]
[Black "Ledent, Philippe"]
[Result "1-0"]
[WhiteElo "2177"]
[BlackElo "1865"]
[PlyCount "57"]
[EventDate "2011.04.02"]
[EventType "swiss"]
[EventRounds "9"]
[EventCountry "ITA"]
[SourceTitle "EXT 2023"]
[Source "ChessBase"]
[SourceDate "2022.10.05"]
[SourceVersion "1"]
[SourceVersionDate "2022.10.05"]
[SourceQuality "1"]

1. c4 Nf6 2. g3 c6 3. Bg2 d5 4. Nf3 dxc4 5. Qc2 Be6 6. Ng5 Bd5 7. e4 h6 8. exd5 hxg5 9. dxc6 Nxc6 10. Qxc4 Rc8 11. Qa4 Qd7 12. 0-0 Nd4 13. Qxd7+ Nxd7 14. Nc3 b6 15. d3 g4 16. Be3 Nf3+ 17. Bxf3 gxf3 18. Rac1 Ne5 19. Nb5 Rxc1 20. Rxc1 Nxd3 21. Rd1 a6 22. Nc7+ Kd7 23. Nxa6 Kc6 24. Rxd3 e5 25. Nb8+ Kc7 26. Nd7 e4 27. Bf4+ Kc6 28. Ne5+ Kb7 29. Rd8 1-0

[Event "Cento op 1st"]
[Site "Cento"]
[Date "2011.02.07"]
[Round "3"]
[White "Casadei, Mauro"]
[Black "Brunello, Sabino"]
[Result "0-1"]
[WhiteElo "2166"]
[BlackElo "2540"]
[PlyCount "26"]
[EventDate "2011.02.05"]
[EventType "swiss"]
[EventRounds "9"]
[EventCountry "ITA"]
[SourceTitle "CBM 140 Extra"]
[Source "ChessBase"]
[SourceDate "2011.03.01"]
[SourceVersion "1"]
[SourceVersionDate "2011.03.01"]
[SourceQuality "1"]

1. c4 e5 2. g3 Nc6 3. Nc3 Nf6 4. Bg2 Bc5 5. Nf3 d6 6. 0-0 a6 7. d3 h6 8. Nd5 0-0 9. b3 Ba7 10. Bb2 Nxd5 11. cxd5 Ne7 12. Qc2 Nxd5 13. Nxe5 dxe5 0-1

[Event "Koltanowski Memorial op"]
[Site "San Francisco"]
[Date "2000.12.17"]
[Round "4"]
[White "Casadei, Mauro"]
[Black "Wong, Russell"]
[Result "1-0"]
[WhiteElo "2137"]
[BlackElo "2101"]
[PlyCount "58"]
[EventDate "2000.12.14"]
[EventType "swiss"]
[EventRounds "9"]
[EventCountry "USA"]
[SourceTitle "CBM 079 Extra"]
[Source "ChessBase"]
[SourceDate "2001.01.11"]
[SourceVersion "2"]
[SourceVersionDate "2001.01.25"]
[SourceQuality "1"]

1. c4 e5 2. g3 Nc6 3. Bg2 g6 4. Nc3 Bg7 5. e4 d6 6. Nge2 h5 7. h4 Nh6 8. d3 Bg4 9. f3 Be6 10. Be3 Nd4 11. Qd2 c6 12. Bf2 Nxe2 13. Nxe2 0-0 14. Be3 Kh7 15. g4 hxg4 16. f4 f6 17. h5 g5 18. fxg5 fxg5 19. Bxg5 Qb6 20. Ng3 Rf4 21. Bxf4 exf4 22. Qxf4 Bxb2 23. Rb1 Bc3+ 24. Ke2 Qc7 25. e5 d5 26. cxd5 cxd5 27. Rhc1 Rc8 28. Rb3 d4 29. Be4+ Kg8 1-0

[Event "San Marino op"]
[Site "San Marino"]
[Date "1998.??.??"]
[Round "8"]
[White "Diena, Giovanni"]
[Black "Casadei, Mauro"]
[Result "0-1"]
[WhiteElo "1905"]
[BlackElo "2140"]
[PlyCount "50"]
[EventDate "1998.??.??"]
[EventType "swiss"]
[EventRounds "9"]
[EventCountry "SMR"]
[SourceTitle "EXT 2002"]
[Source "ChessBase"]
[SourceDate "2001.11.25"]
[SourceVersion "1"]
[SourceVersionDate "2001.11.25"]
[SourceQuality "1"]

1. e4 e6 2. d4 d5 3. Nc3 Bb4 4. e5 Ne7 5. Bb5+ Bd7 6. Bxd7+ Qxd7 7. Nge2 c5 8. Be3 Nf5 9. 0-0 Nc6 10. Qd3 0-0 11. a3 Ba5 12. Rad1 Rac8 13. Qb5 c4 14. Na4 a6 15. Nc5 axb5 16. Nxd7 Rfd8 17. Nc5 Rc7 18. c3 Ra8 19. b4 b6 20. Nxe6 fxe6 21. Ra1 Rca7 22. Nf4 Bxb4 23. cxb4 Kf7 24. g4 Nfxd4 25. Ra2 Rxa3 0-1

[Event "San Marino op"]
[Site "San Marino"]
[Date "1998.??.??"]
[Round "1"]
[White "Gabriel, Christian"]
[Black "Casadei, Mauro"]
[Result "1-0"]
[WhiteElo "2555"]
[BlackElo "2130"]
[PlyCount "175"]
[EventDate "1998.??.??"]
[EventType "swiss"]
[EventRounds "9"]
[EventCountry "SMR"]
[SourceTitle "EXT 2000"]
[Source "ChessBase"]
[SourceDate "1999.11.16"]
[SourceVersion "1"]
[SourceVersionDate "1999.11.16"]
[SourceQuality "1"]

1. d4 d5 2. c4 c6 3. Nf3 Nf6 4. Nc3 a6 5. a4 e6 6. a5 b6 7. axb6 Qxb6 8. c5 Qb7 9. Qa4 h6 10. b4 Nbd7 11. Bf4 Ne4 12. Nxe4 dxe4 13. Nd2 g5 14. Bg3 f5 15. e3 e5 16. dxe5 Bg7 17. Nc4 0-0 18. Na5 Qc7 19. Qxc6 Qxc6 20. Nxc6 f4 21. exf4 gxf4 22. Bh4 Nxe5 23. Nxe5 Bxe5 24. Bc4+ Kg7 25. Ra3 Rb8 26. 0-0 Rxb4 27. Bxa6 Bxa6 28. Rxa6 Rc4 29. Be7 Rf7 30. Re6 Bd4 31. c6 e3 32. Rd1 Rc2 33. Bd6 Rf6 34. Rxf6 Kxf6 35. c7 Bb6 36. Bxf4 exf2+ 37. Kf1 Bxc7 38. Bxc7 Rxc7 39. Rd2 Ra7 40. Kxf2 Ra3 41. Re2 Kg6 42. Re3 Ra5 43. Kf3 Ra2 44. Rb3 Ra4 45. Rb6+ Kg7 46. Re6 Ra3+ 47. Re3 Ra4 48. h3 Kf6 49. Rb3 Ra6 50. Rb4 Ra2 51. g3 Ra5 52. Rb6+ Kg7 53. Re6 Ra4 54. Re4 Ra3+ 55. Kf4 Ra5 56. g4 Kf6 57. Rb4 Ra6 58. h4 Ra5 59. Rb6+ Kg7 60. Re6 Ra4+ 61. Kf5 Ra5+ 62. Re5 Ra7 63. Rd5 Rb7 64. Ke6 Rb6+ 65. Rd6 Rb4 66. Rd7+ Kg8 67. Kf5 Rb5+ 68. Ke4 Rb4+ 69. Rd4 Rb6 70. Ke5 Kg7 71. Rd7+ Kg8 72. Rd6 Rb5+ 73. Kf6 Rb4 74. Kf5 Kg7 75. Rg6+ Kh7 76. Re6 Kg7 77. Re7+ Kf8 78. Re4 Rb5+ 79. Kg6 Rb6+ 80. Kh7 Kf7 81. Rf4+ Ke7 82. Kg7 Re6 83. g5 hxg5 84. hxg5 Re1 85. g6 Ke6 86. Kg8 Ra1 87. g7 Ke7 88. Rh4 1-0

[Event "ITA-chT UISP 18th"]
[Site "Montecatini Terme"]
[Date "1997.12.??"]
[Round "7"]
[White "Casadei, Mauro"]
[Black "Ottavi, Marco"]
[Result "1/2-1/2"]
[WhiteElo "2130"]
[BlackElo "1945"]
[PlyCount "102"]
[EventDate "1997.12.??"]
[EventType "team-tourn"]
[EventRounds "8"]
[EventCountry "ITA"]
[SourceTitle "EXT 2024"]
[Source "ChessBase"]
[SourceDate "2023.10.10"]
[SourceVersion "1"]
[SourceVersionDate "2023.10.10"]
[SourceQuality "1"]

1. d4 c5 2. d5 Nf6 3. c4 Ne4 4. Qc2 Qa5+ 5. Nc3 Nxc3 6. Bd2 e5 7. dxe6 dxe6 8. Bxc3 Qc7 9. e3 e5 10. Nf3 Nc6 11. Rd1 Bd6 12. Rd5 Be6 13. Ng5 Bxd5 14. cxd5 Ne7 15. Bb5+ Kf8 16. Qe4 h6 17. Nf3 f5 18. Qh4 Nxd5 19. Bc4 Nxc3 20. Ng5 Qe7 21. Ne6+ Ke8 22. Qh5+ Kd7 23. Qxf5 b5 24. Nxg7+ Kc6 25. bxc3 bxc4 26. Qe4+ Kc7 27. Nf5 Qe6 28. 0-0 Rab8 29. Rd1 Rb6 30. Ng7 Qf7 31. Nf5 h5 32. f3 Qg6 33. Nxd6 Rxd6 34. Qxe5 Rhd8 35. Qxc5+ Kb8 36. Qb5+ Ka8 37. Rxd6 Qxd6 38. Qxc4 Qd1+ 39. Kf2 Qd2+ 40. Kg3 Qd6+ 41. Kf2 Qg6 42. a3 h4 43. f4 Qc2+ 44. Kf3 Qd1+ 45. Qe2 Qb3 46. Qa6 Qxc3 47. Qa4 Qd3 48. Qc6+ Kb8 49. a4 Qd1+ 50. Ke4 Qd3+ 51. Kf3 Qd1+ 1/2-1/2

[Event "Cattolica op"]
[Site "Cattolica"]
[Date "1993.??.??"]
[Round "2"]
[White "Casadei, Mauro"]
[Black "Womacka, Mathias"]
[Result "0-1"]
[WhiteElo "2205"]
[BlackElo "2425"]
[PlyCount "116"]
[EventDate "1993.05.??"]
[EventType "swiss"]
[EventRounds "9"]
[EventCountry "ITA"]
[SourceTitle "TD"]
[Source "ChessBase"]
[SourceDate "1994.03.01"]
[SourceVersion "1"]
[SourceVersionDate "1994.03.01"]
[SourceQuality "1"]

1. d4 Nf6 2. Nf3 e6 3. e3 c5 4. c3 d5 5. Bd3 Nbd7 6. Ne5 Qc7 7. f4 g6 8. Nd2 Bg7 9. 0-0 0-0 10. g4 Ne8 11. g5 f6 12. gxf6 Ndxf6 13. Ndf3 Nd6 14. Bd2 Nf5 15. Ng5 Qe7 16. Qe2 Nd7 17. Qg2 Nxe5 18. fxe5 Bd7 19. Rae1 Bh6 20. Nh3 Kh8 21. Nf4 Rf7 22. e4 dxe4 23. Bxe4 Bb5 24. Rf2 Raf8 25. d5 Nh4 26. d6 Qg5 27. Qxg5 Bxg5 28. Nxg6+ Nxg6 29. Rxf7 Bxd2 30. Rxf8+ Nxf8 31. Rd1 Bf4 32. Bxb7 Bxe5 33. Bc8 Bd7 34. Bb7 Kg7 35. a3 Ng6 36. b4 cxb4 37. cxb4 Kf6 38. b5 Bc3 39. Bc6 Ne5 40. Bxd7 Nxd7 41. Rc1 Bd4+ 42. Kg2 Ke5 43. Rf1 Kxd6 44. Rf7 h5 45. a4 Bb6 46. Rh7 Nf6 47. Rf7 Nd5 48. a5 Bxa5 49. Rxa7 Bb6 50. Rh7 e5 51. Rh6+ Kc5 52. Kf3 Kd4 53. Rxh5 e4+ 54. Kf2 Kd3+ 55. Ke1 Nf4 56. Re5 e3 57. Re7 e2 58. Rd7+ Ke3 0-1